000 00437nam a2200157 i 4500
001 97138
003 ES-MaACL
005 20230906182041.0
007 t|
008 050707s1963 sp ||||1| spa d
100 1 _aManzanares, Luis.
_976200
245 1 0 _aTorre-Pacheco
_b: la mirada atrás /
_cLuis Manzanares.
260 _aMadrid :
_b[s.n.],
_c1963 (
_fImp. Sèz)
300 _a248 p. ;
_c17 cm.
852 _aES-MaACL
_jG-9873
_bR.52839
999 _c97138
_d97138